[Event "11. Paks GM 2007"]
[Site "Paks HUN"]
[Date "2007.08.05"]
[Round "1.1"]
[White "Nevednichy, Vladislav"]
[Black "Pataki, Gyozo"]
[Result "1-0"]
[WhiteElo "2523"]
[BlackElo "2382"]
[PlyCount "89"]
[EventDate "2007.08.05"]
[EventType "tourn"]
[EventRounds "9"]
[EventCountry "HUN"]
[Source "lmi"]
[SourceDate "2007.08.05"]

1. e4 c5 2. Nf3 Nc6 3. Bb5 d6 4. d4 cxd4 5. Qxd4 Bd7 6. Bxc6 Bxc6 7. Nc3 Nf6 8.
Bg5 e6 9. O-O-O Be7 10. Rhe1 O-O 11. Qd2 Qc7 12. Nd4 Rfc8 13. f3 b5 14. h4 b4
15. Nce2 a5 16. Kb1 a4 17. Rc1 Be8 18. g4 Ra5 19. Ng3 Rc5 20. Nh5 Nxh5 21. gxh5
Rb8 22. Rg1 a3 23. b3 Kf8 24. Rg2 Bxg5 25. hxg5 g6 26. hxg6 hxg6 27. Qf4 Ke7
28. Rd2 Rb6 29. Rcd1 Kd7 30. Qf6 Kc8 31. f4 Kb7 32. f5 Re5 33. Rd3 exf5 34.
exf5 gxf5 35. Nf3 Re2 36. Nd4 Rf2 37. Re3 d5 38. Qe7 Bc6 39. Qc5 Bd7 40. Qxd5+
Ka7 41. Re7 Rb7 42. Rxd7 Qxd7 43. Qa5+ Kb8 44. Nc6+ Kc8 45. Qa8+ 1-0

[Event "11. Paks GM 2007"]
[Site "Paks HUN"]
[Date "2007.08.05"]
[Round "1.2"]
[White "Groszpeter, Attila"]
[Black "Tania, Sachdev"]
[Result "1-0"]
[WhiteElo "2522"]
[BlackElo "2393"]
[PlyCount "79"]
[EventDate "2007.08.05"]
[EventType "tourn"]
[EventRounds "9"]
[EventCountry "HUN"]
[Source "lmi"]
[SourceDate "2007.08.05"]

1. e4 e5 2. Nf3 Nc6 3. Bb5 a6 4. Bxc6 dxc6 5. O-O Bd6 6. d4 Qe7 7. dxe5 Bxe5 8.
Nxe5 Qxe5 9. Nc3 Ne7 10. Be3 Ng6 11. f4 Qe7 12. f5 Ne5 13. Qd4 O-O 14. Bf4 f6
15. Bxe5 fxe5 16. Qc4+ Kh8 17. Na4 b6 18. Rad1 Bb7 19. Qe6 Rf7 20. Rf3 Qe8 21.
Qxe8+ Rxe8 22. Rfd3 Kg8 23. Rd8 Kf8 24. R1d7 c5 25. Rxf7+ Kxf7 26. Rxe8 Kxe8
27. Nc3 Ke7 28. Kf2 b5 29. Kf3 Kd6 30. g4 c4 31. Nd1 h6 32. h4 Bc6 33. Ne3 Be8
34. c3 c6 35. Kg3 Ke7 36. g5 hxg5 37. hxg5 Bh5 38. Ng4 Bxg4 39. Kxg4 Kf8 40. g6
1-0

[Event "11. Paks GM 2007"]
[Site "Paks HUN"]
[Date "2007.08.05"]
[Round "1.3"]
[White "Papp, Gabor"]
[Black "Smerdon, David"]
[Result "1-0"]
[WhiteElo "2474"]
[BlackElo "2461"]
[PlyCount "81"]
[EventDate "2007.08.05"]
[EventType "tourn"]
[EventRounds "9"]
[EventCountry "HUN"]
[Source "lmi"]
[SourceDate "2007.08.05"]

1. e4 c5 2. Nf3 d6 3. d4 cxd4 4. Nxd4 Nf6 5. Nc3 g6 6. Be3 Bg7 7. f3 O-O 8. Qd2
Nc6 9. Bc4 Bd7 10. O-O-O Rc8 11. Bb3 Nxd4 12. Bxd4 b5 13. h4 a5 14. h5 a4 15.
Bxf6 exf6 16. Bd5 f5 17. hxg6 hxg6 18. g4 fxg4 19. Qh2 Re8 20. Qxd6 Be6 21.
Bxe6 Qxd6 22. Bxf7+ Kxf7 23. Rxd6 a3 24. Nxb5 Bxb2+ 25. Kd2 g3 26. Rh7+ Bg7 27.
Rh4 g5 28. Rg4 Be5 29. Rd5 Rcd8 30. Nc3 Rxd5+ 31. Nxd5 Rh8 32. Rxg5 Rh2+ 33.
Kd3 Bb8 34. e5 Rh1 35. f4 Ba7 36. Ke4 Bf2 37. Kf5 Ra1 38. Nc3 Rc1 39. e6+ Kf8
40. Nd5 Rxc2 41. e7+ 1-0

[Event "11. Paks GM 2007"]
[Site "Paks HUN"]
[Date "2007.08.05"]
[Round "1.4"]
[White "Grunberg, Mihai-Lucian"]
[Black "Szabo, Krisztian"]
[Result "1/2-1/2"]
[WhiteElo "2472"]
[BlackElo "2482"]
[PlyCount "140"]
[EventDate "2007.08.05"]
[EventType "tourn"]
[EventRounds "9"]
[EventCountry "HUN"]
[Source "lmi"]
[SourceDate "2007.08.05"]

1. Nf3 Nf6 2. g3 d5 3. Bg2 c6 4. O-O Bg4 5. c4 e6 6. cxd5 exd5 7. d3 Nbd7 8.
Nc3 Bc5 9. Qb3 Qc8 10. Bf4 O-O 11. Rac1 a5 12. e4 dxe4 13. dxe4 Re8 14. Rfe1
Bb4 15. Ng5 h6 16. Qxf7+ Kh8 17. e5 Bh5 18. Qc4 hxg5 19. exf6 gxf6 20. Bh3 Qd8
21. Qd4 Rxe1+ 22. Rxe1 Nc5 23. Be3 Nd3 24. Rb1 Ne5 25. Qxd8+ Rxd8 26. a3 Be7
27. Bf1 Nf3+ 28. Kg2 Nd2 29. Re1 Bf3+ 30. Kg1 Nxf1 31. Kxf1 Rd7 32. Bb6 Kg7 33.
Bxa5 f5 34. Nb1 g4 35. Nd2 Bd5 36. Bc3+ Kg6 37. Re3 Bd6 38. Re2 f4 39. gxf4
Bxf4 40. Kg1 Kf5 41. Nf1 Bf3 42. Re8 Rd1 43. Re1 Rd7 44. Re8 Rd1 45. Re1 Rxe1
46. Bxe1 Bc7 47. Bc3 Ke6 48. Ne3 b6 49. Nf1 c5 50. Nd2 Bd5 51. f3 gxf3 52. Kf2
Bxh2 53. Nxf3 Bf4 54. Bd2 Bd6 55. Ke3 Bc6 56. Bc3 Kd5 57. Kd3 Be8 58. Bg7 b5
59. Kc3 Bf7 60. Nd2 Bf4 61. b4 c4 62. a4 bxa4 63. Nxc4 Be8 64. Bd4 Bg3 65. Ne3+
Ke4 66. Nc2 Bb5 67. Bg7 Bf4 68. Nd4 Bd7 69. b5 Bd6 70. b6 Kd5 1/2-1/2

[Event "11. Paks GM 2007"]
[Site "Paks HUN"]
[Date "2007.08.05"]
[Round "1.5"]
[White "Flumbort, Andras"]
[Black "Yu, Shaoteng"]
[Result "1/2-1/2"]
[WhiteElo "2509"]
[BlackElo "2524"]
[PlyCount "37"]
[EventDate "2007.08.05"]
[EventType "tourn"]
[EventRounds "9"]
[EventCountry "HUN"]
[Source "lmi"]
[SourceDate "2007.08.05"]

1. d4 e6 2. c4 Nf6 3. Nf3 b6 4. g3 Ba6 5. b3 b5 6. cxb5 Bxb5 7. Nc3 Ba6 8. Bg2
d5 9. O-O Nbd7 10. Re1 Be7 11. Bb2 O-O 12. e4 dxe4 13. Nxe4 Nxe4 14. Rxe4 Nf6
15. Re1 Bb4 16. Re5 Bd6 17. Re1 Bb4 18. Re5 Bd6 19. Re1 1/2-1/2

[Event "11. Paks GM 2007"]
[Site "Paks HUN"]
[Date "2007.08.06"]
[Round "2.1"]
[White "Pataki, Gyozo"]
[Black "Yu, Shaoteng"]
[Result "1-0"]
[WhiteElo "2382"]
[BlackElo "2524"]
[PlyCount "89"]
[EventDate "2007.08.05"]
[EventType "tourn"]
[EventRounds "9"]
[EventCountry "HUN"]
[Source "lmi"]
[SourceDate "2007.08.05"]

1. d4 Nf6 2. c4 e6 3. Nf3 b6 4. g3 Ba6 5. Qa4 Bb7 6. Bg2 c5 7. O-O cxd4 8. Nxd4
Bxg2 9. Kxg2 Qc7 10. Nc3 Be7 11. Rd1 O-O 12. Bg5 Rc8 13. Rac1 Qxc4 14. Ne4 Qa6
15. Nxf6+ gxf6 16. Bh6 Rxc1 17. Rxc1 Bf8 18. Qxa6 Nxa6 19. Bxf8 Kxf8 20. a3 Nc5
21. b4 Ne4 22. Rc7 Ke8 23. Nb5 a6 24. Rc4 axb5 25. Rxe4 Rxa3 26. Rh4 Rb3 27.
Rxh7 Rxb4 28. Rh8+ Ke7 29. Rb8 Kd6 30. h4 Kc7 31. Rg8 Ra4 32. h5 b4 33. h6 b3
34. h7 b2 35. h8=Q b1=Q 36. Rc8+ Kd6 37. Qd8 Ke5 38. Qxd7 Qe4+ 39. Kh2 Ra1 40.
Qb5+ Qd5 41. Qb2+ Qd4 42. f4+ Ke4 43. Qc2+ Ke3 44. Rc3+ Kf2 45. e3+ 1-0

[Event "11. Paks GM 2007"]
[Site "Paks HUN"]
[Date "2007.08.06"]
[Round "2.2"]
[White "Szabo, Krisztian"]
[Black "Flumbort, Andras"]
[Result "1-0"]
[WhiteElo "2482"]
[BlackElo "2509"]
[PlyCount "123"]
[EventDate "2007.08.05"]
[EventType "tourn"]
[EventRounds "9"]
[EventCountry "HUN"]
[Source "lmi"]
[SourceDate "2007.08.05"]

1. e4 c6 2. d4 d5 3. exd5 cxd5 4. c4 Nf6 5. Nc3 g6 6. Qb3 Bg7 7. cxd5 O-O 8.
Be2 Na6 9. Bf3 Qb6 10. Qxb6 axb6 11. Nge2 Nb4 12. O-O Rd8 13. d6 Rxd6 14. Bf4
Rd7 15. Be5 e6 16. Rfd1 Nc6 17. Bf4 h6 18. h3 g5 19. Bh2 Ne7 20. Rac1 h5 21. g4
hxg4 22. hxg4 Nfd5 23. a3 Nxc3 24. Rxc3 Nd5 25. Rb3 Rd8 26. Nc3 Bd7 27. Rd2 Ba4
28. Bxd5 Bxb3 29. Bxb3 Rxd4 30. Rxd4 Bxd4 31. Nd1 Ra5 32. Bd6 Bc5 33. Bc7 Rb5
34. Ba2 Ra5 35. Kf1 Bd4 36. Ke1 Rc5 37. Bd6 Rc6 38. Be7 f6 39. Kd2 Kf7 40. Bb4
Bc5 41. Bc3 Rd6+ 42. Ke2 Bd4 43. Bd2 Rd8 44. Bb1 Ke7 45. Be4 Rd7 46. a4 Kd6 47.
Ne3 Kc7 48. b3 Rd8 49. Nc4 Rd7 50. f3 Rd8 51. Na3 Kb8 52. Nb5 Bc5 53. Bc3 Rf8
54. b4 Be7 55. Nd4 Rc8 56. Bd2 e5 57. Nf5 Bf8 58. Ne3 Be7 59. Nd5 Bd8 60. Kd3
Rc6 61. b5 Rc5 62. Be3 1-0

[Event "11. Paks GM 2007"]
[Site "Paks HUN"]
[Date "2007.08.06"]
[Round "2.3"]
[White "Smerdon, David"]
[Black "Grunberg, Mihai-Lucian"]
[Result "1-0"]
[WhiteElo "2461"]
[BlackElo "2472"]
[PlyCount "47"]
[EventDate "2007.08.05"]
[EventType "tourn"]
[EventRounds "9"]
[EventCountry "HUN"]
[Source "lmi"]
[SourceDate "2007.08.05"]

1. e4 Nf6 2. e5 Nd5 3. d4 d6 4. Nf3 dxe5 5. Nxe5 c6 6. Be2 Bf5 7. O-O Nd7 8.
Nf3 h6 9. c4 Nb4 10. Nc3 Nc2 11. Rb1 Nb4 12. Be3 Bxb1 13. Qxb1 e6 14. a3 Na6
15. d5 e5 16. Rd1 c5 17. d6 g6 18. b4 f5 19. bxc5 Qc8 20. Nh4 Kf7 21. Nxg6 Kxg6
22. Bh5+ Kf6 23. Nd5+ Ke6 24. Bg4 1-0

[Event "11. Paks GM 2007"]
[Site "Paks HUN"]
[Date "2007.08.06"]
[Round "2.4"]
[White "Tania, Sachdev"]
[Black "Papp, Gabor"]
[Result "0-1"]
[WhiteElo "2393"]
[BlackElo "2474"]
[PlyCount "60"]
[EventDate "2007.08.05"]
[EventType "tourn"]
[EventRounds "9"]
[EventCountry "HUN"]
[Source "lmi"]
[SourceDate "2007.08.05"]

1. d4 Nf6 2. c4 e6 3. Nf3 b6 4. g3 Ba6 5. b3 b5 6. cxb5 Bxb5 7. Bg2 Bb4+ 8. Bd2
a5 9. Bxb4 axb4 10. Qd2 Qe7 11. Qg5 d5 12. Qxg7 Rg8 13. Qh6 Nc6 14. Qc1 e5 15.
dxe5 Nxe5 16. O-O Bxe2 17. Nxe5 Qxe5 18. Re1 Qxa1 19. Qc6+ Kf8 20. Qxa8+ Kg7
21. Qa5 Bd3 22. Qxc7 Re8 23. Rd1 Qxa2 24. Nd2 Be2 25. Qf4 Bxd1 26. Qg5+ Kf8 27.
Qxf6 Qxd2 28. Qh8+ Ke7 29. Qe5+ Kd7 30. Bh3+ Re6 0-1

[Event "11. Paks GM 2007"]
[Site "Paks HUN"]
[Date "2007.08.06"]
[Round "2.5"]
[White "Nevednichy, Vladislav"]
[Black "Groszpeter, Attila"]
[Result "1/2-1/2"]
[WhiteElo "2523"]
[BlackElo "2522"]
[PlyCount "60"]
[EventDate "2007.08.05"]
[EventType "tourn"]
[EventRounds "9"]
[EventCountry "HUN"]
[Source "lmi"]
[SourceDate "2007.08.05"]

1. e4 c5 2. Nf3 d6 3. d4 cxd4 4. Nxd4 Nf6 5. Nc3 a6 6. Be3 e5 7. Nde2 Be6 8. f4
g6 9. h3 Nc6 10. g4 d5 11. fxe5 Nxe4 12. Nxe4 dxe4 13. Qxd8+ Rxd8 14. Nc3 Nxe5
15. Nxe4 Bg7 16. Bg2 O-O 17. O-O Nc4 18. Bg5 Bxb2 19. Rae1 Bd4+ 20. Kh1 Rd7 21.
c3 Bg7 22. Nc5 Rc7 23. Nxe6 fxe6 24. Rxf8+ Kxf8 25. Rxe6 Rd7 26. Bf1 Nd2 27.
Bxd2 Rxd2 28. Rb6 Bxc3 29. Rxb7 Rxa2 30. g5 Ra1 1/2-1/2

[Event "11. Paks GM 2007"]
[Site "Paks HUN"]
[Date "2007.08.07"]
[Round "3.1"]
[White "Groszpeter, Attila"]
[Black "Pataki, Gyozo"]
[Result "1-0"]
[WhiteElo "2520"]
[BlackElo "2380"]
[PlyCount "49"]
[EventDate "2007.08.05"]
[EventType "tourn"]
[EventRounds "9"]
[EventCountry "HUN"]
[EventCategory "9"]
[Source "lmi"]
[SourceDate "2007.08.05"]

1. e4 c5 2. Nf3 Nc6 3. d4 cxd4 4. Nxd4 Nf6 5. Nc3 d6 6. Bg5 e6 7. Qd2 a6 8.
O-O-O h6 9. Nxc6 bxc6 10. Bf4 d5 11. Qe3 Qa5 12. Be2 dxe4 13. Qg3 Ra7 14. Kb1
Rb7 15. Bd6 Bxd6 16. Qxd6 Bd7 17. Ka1 Nd5 18. Nxe4 Nb4 19. a3 Nxc2+ 20. Ka2
Nb4+ 21. Kb1 Nd5 22. Nc5 Rc7 23. Rhe1 Bc8 24. Bf3 Bd7 25. Re2 1-0

[Event "11. Paks GM 2007"]
[Site "Paks HUN"]
[Date "2007.08.07"]
[Round "3.2"]
[White "Papp, Gabor"]
[Black "Nevednichy, Vladislav"]
[Result "1/2-1/2"]
[WhiteElo "2470"]
[BlackElo "2520"]
[PlyCount "119"]
[EventDate "2007.08.05"]
[EventType "tourn"]
[EventRounds "9"]
[EventCountry "HUN"]
[EventCategory "9"]
[Source "lmi"]
[SourceDate "2007.08.05"]

1. e4 c5 2. Nf3 d6 3. d4 cxd4 4. Nxd4 Nf6 5. Nc3 a6 6. Bg5 e6 7. f4 Qb6 8. Qd2
Qxb2 9. Rb1 Qa3 10. f5 Nc6 11. Nxc6 bxc6 12. fxe6 fxe6 13. e5 Nd5 14. Nxd5 cxd5
15. Bd3 dxe5 16. O-O Be7 17. Bxe7 Qxe7 18. Qc3 Qd6 19. Rbe1 Bd7 20. Rxe5 Rc8
21. Qd4 Qc5 22. Qxc5 Rxc5 23. c4 Ke7 24. cxd5 Rxd5 25. Rxd5 exd5 26. Bxa6 Ra8
27. Bd3 h6 28. Ra1 Ra3 29. Bc2 Bb5 30. Bb3 Bc4 31. Bxc4 dxc4 32. Rc1 c3 33. Rc2
Kd6 34. Kf2 Kd5 35. Ke2 Kd4 36. Kd1 g5 37. g4 Ra6 38. Rf2 Rb6 39. Kc1 Re6 40.
Kc2 Ra6 41. Kc1 Ke3 42. Rg2 Ra3 43. Rg3+ Kf4 44. Rg2 Ra4 45. Kb1 Ra8 46. Kc1
Ra6 47. Kb1 Ke3 48. Kc1 Kd3 49. Rg3+ Kc4 50. Rh3 Kd4 51. Kd1 Kc4 52. Kc1 Rf6
53. Kc2 Rf2+ 54. Kc1 Rxa2 55. Rxh6 Kd3 56. Rd6+ Ke4 57. h3 Rh2 58. Rg6 Kf4 59.
Rf6+ Kg3 60. Rg6 1/2-1/2

[Event "11. Paks GM 2007"]
[Site "Paks HUN"]
[Date "2007.08.07"]
[Round "3.3"]
[White "Grunberg, Mihai-Lucian"]
[Black "Tania, Sachdev"]
[Result "1/2-1/2"]
[WhiteElo "2470"]
[BlackElo "2390"]
[PlyCount "60"]
[EventDate "2007.08.05"]
[EventType "tourn"]
[EventRounds "9"]
[EventCountry "HUN"]
[EventCategory "9"]
[Source "lmi"]
[SourceDate "2007.08.05"]

1. Nf3 Nf6 2. c4 b6 3. d4 e6 4. a3 Bb7 5. Nc3 d5 6. cxd5 Nxd5 7. Qc2 Be7 8. Bd2
O-O 9. e4 Nxc3 10. Bxc3 c5 11. dxc5 bxc5 12. Rd1 Qc7 13. Bd3 Nd7 14. O-O Rfd8
15. b3 Rab8 16. a4 Bc6 17. Rfe1 h6 18. h3 Bd6 19. e5 Be7 20. Bh7+ Kh8 21. Be4
Bxe4 22. Rxe4 Nb6 23. Ba5 Rxd1+ 24. Qxd1 Qb7 25. Nd2 Nd5 26. Qf3 Kg8 27. h4 Qa6
28. Nc4 Qb7 29. Nd2 Qa6 30. Nc4 Qb7 1/2-1/2

[Event "11. Paks GM 2007"]
[Site "Paks HUN"]
[Date "2007.08.07"]
[Round "3.4"]
[White "Flumbort, Andras"]
[Black "Smerdon, David"]
[Result "1/2-1/2"]
[WhiteElo "2505"]
[BlackElo "2460"]
[PlyCount "121"]
[EventDate "2007.08.05"]
[EventType "tourn"]
[EventRounds "9"]
[EventCountry "HUN"]
[EventCategory "9"]
[Source "lmi"]
[SourceDate "2007.08.05"]

1. d4 Nf6 2. c4 c5 3. d5 e6 4. Nc3 exd5 5. cxd5 d6 6. e4 g6 7. h3 Bg7 8. Bd3
O-O 9. Nf3 b5 10. Bxb5 Nxe4 11. Nxe4 Qa5+ 12. Nfd2 Qxb5 13. Nxd6 Qa6 14. N2c4
Rd8 15. Bf4 Nd7 16. O-O Nb6 17. Nxb6 Qxb6 18. Nxc8 Raxc8 19. Rb1 Qb7 20. d6 Bf8
21. Qd3 Bxd6 22. Bxd6 Rc6 23. Rfd1 Qd7 24. Qa3 Rxd6 25. Rxd6 Qxd6 26. Qxa7 Re8
27. Qa5 Re2 28. Qc3 Qb6 29. a4 c4 30. Rf1 Qb3 31. Rc1 Rxb2 32. Qxc4 Qxc4 33.
Rxc4 h5 34. g4 hxg4 35. hxg4 g5 36. Rc5 Rb4 37. Rxg5+ Kf8 38. a5 f6 39. Rc5
Rxg4+ 40. Kh2 Ke7 41. a6 Ra4 42. Rc6 Kf7 43. Rc7+ Ke6 44. a7 Ra3 45. Kg2 Ke5
46. Kf1 Ra2 47. Ke1 Ke4 48. Rd7 f5 49. Kd1 Kf3 50. Kc1 f4 51. Kb1 Ra6 52. Rf7
Kxf2 53. Rxf4+ Ke3 54. Rf7 Kd4 55. Rc7 Kd5 56. Kb2 Kd6 57. Rh7 Kc5 58. Kb3 Kb6
59. Kb4 Rxa7 60. Rxa7 Kxa7 61. Ka5 1/2-1/2

[Event "11. Paks GM 2007"]
[Site "Paks HUN"]
[Date "2007.08.07"]
[Round "3.5"]
[White "Yu, Shaoteng"]
[Black "Szabo, Krisztian"]
[Result "1/2-1/2"]
[WhiteElo "2520"]
[BlackElo "2480"]
[PlyCount "84"]
[EventDate "2007.08.05"]
[EventType "tourn"]
[EventRounds "9"]
[EventCountry "HUN"]
[EventCategory "9"]
[Source "lmi"]
[SourceDate "2007.08.05"]

1. e4 e5 2. Nf3 Nc6 3. Bb5 a6 4. Ba4 Nf6 5. O-O Nxe4 6. d4 b5 7. Bb3 d5 8. dxe5
Be6 9. Be3 Be7 10. c3 O-O 11. Nbd2 Qd7 12. Re1 Nxd2 13. Qxd2 Na5 14. Bg5 Nc4
15. Bxc4 bxc4 16. Bxe7 Qxe7 17. b3 cxb3 18. axb3 c5 19. Ra3 Rfb8 20. Rea1 Rb6
21. h3 h6 22. Qd3 Qc7 23. Qe3 Qc6 24. Ra5 Rc8 25. R1a3 Rc7 26. Ne1 d4 27. cxd4
cxd4 28. Qxd4 Rd7 29. Qe3 Rd1 30. Kh2 Rb1 31. Nf3 R1xb3 32. Rxb3 Bxb3 33. Nd4
Qb7 34. Nxb3 Rxb3 35. Qe2 Rb5 36. Rxb5 Qxb5 37. Qe4 a5 38. e6 fxe6 39. Qxe6+
Kh8 40. Qc8+ Kh7 41. Qc2+ Kg8 42. Qc8+ Kh7 1/2-1/2

[Event "11. Paks GM 2007"]
[Site "Paks HUN"]
[Date "2007.08.08"]
[Round "4.1"]
[White "Pataki, Gyozo"]
[Black "Szabo, Krisztian"]
[Result "0-1"]
[WhiteElo "2383"]
[BlackElo "2482"]
[PlyCount "98"]
[EventDate "2007.08.05"]
[EventType "tourn"]
[EventRounds "9"]
[EventCountry "HUN"]
[EventCategory "9"]
[Source "lmi"]
[SourceDate "2007.08.05"]

1. Nf3 Nf6 2. g3 d5 3. Bg2 c6 4. O-O Bg4 5. b3 Nbd7 6. Bb2 e6 7. c4 Bd6 8. d4
O-O 9. Nbd2 a5 10. a3 Bh5 11. Re1 Ne4 12. Nxe4 dxe4 13. Ne5 Bxe5 14. dxe5 Nc5
15. Qc2 e3 16. fxe3 Bg6 17. e4 Qb6 18. Bd4 Rfd8 19. Be3 Qxb3 20. Qc1 Nxe4 21.
Rb1 Qa4 22. Rxb7 Rab8 23. Rxb8 Rxb8 24. Bxe4 Bxe4 25. Bc5 h6 26. Kf2 Bc2 27.
Qf4 Rb2 28. Qd4 Qb3 29. Rc1 Bf5 30. Qe3 Qa2 31. Qf3 h5 32. Qxh5 Bd3 33. Re1
Qxc4 34. Be3 Qd5 35. Qh4 Ba6 36. Qd4 Qxd4 37. Bxd4 Rc2 38. Bb6 a4 39. Be3 c5
40. Rc1 Rxe2+ 41. Kf3 Rxh2 42. Bxc5 Kh7 43. Kf4 Kg6 44. Rb1 Rc2 45. Bd4 Bc4 46.
Be3 Bd5 47. Rb4 Kh5 48. Bd4 Re2 49. g4+ Kh4 0-1

[Event "11. Paks GM 2007"]
[Site "Paks HUN"]
[Date "2007.08.08"]
[Round "4.2"]
[White "Smerdon, David"]
[Black "Yu, Shaoteng"]
[Result "0-1"]
[WhiteElo "2461"]
[BlackElo "2524"]
[PlyCount "62"]
[EventDate "2007.08.05"]
[EventType "tourn"]
[EventRounds "9"]
[EventCountry "HUN"]
[EventCategory "9"]
[Source "lmi"]
[SourceDate "2007.08.05"]

1. e4 e6 2. d4 d5 3. Nc3 Nf6 4. Bg5 dxe4 5. Nxe4 Be7 6. Bxf6 Bxf6 7. Nf3 Nd7 8.
Qd2 O-O 9. O-O-O b6 10. Bd3 Bb7 11. g4 c5 12. g5 Be7 13. Qf4 cxd4 14. Rhg1 Rc8
15. Rg3 Qc7 16. Qh4 g6 17. Nf6+ Bxf6 18. gxf6 Qd8 19. Ng5 Nxf6 20. Qh6 Qc7 21.
Nxh7 Nxh7 22. Rdg1 Kh8 23. Rh3 f5 24. Rxg6 Be4 25. Bc4 Rf7 26. Qg5 Qe7 27. Qg1
Rg7 28. Rhg3 Rxg6 29. Rxg6 Qc7 30. b3 b5 31. f3 bxc4 0-1

[Event "11. Paks GM 2007"]
[Site "Paks HUN"]
[Date "2007.08.08"]
[Round "4.3"]
[White "Tania, Sachdev"]
[Black "Flumbort, Andras"]
[Result "0-1"]
[WhiteElo "2393"]
[BlackElo "2509"]
[PlyCount "76"]
[EventDate "2007.08.05"]
[EventType "tourn"]
[EventRounds "9"]
[EventCountry "HUN"]
[EventCategory "9"]
[Source "lmi"]
[SourceDate "2007.08.05"]

1. d4 Nf6 2. c4 e6 3. Nf3 c5 4. d5 exd5 5. cxd5 d6 6. Nc3 g6 7. h3 Bg7 8. e4
O-O 9. Bd3 a6 10. a4 Re8 11. O-O Nbd7 12. Bf4 Qe7 13. Re1 Nh5 14. Bh2 Qf8 15.
Bf1 Rb8 16. g4 Nhf6 17. Nd2 h5 18. Nc4 Ne5 19. f3 hxg4 20. hxg4 Nfxg4 21. fxg4
Bxg4 22. Be2 Nxc4 23. Bxg4 Nxb2 24. Qc2 Nc4 25. Kh1 Qe7 26. Rac1 Qh4 27. Bf3
Bh6 28. Qg2 Ne5 29. Rf1 b5 30. axb5 Bxc1 31. Rxc1 axb5 32. Be2 c4 33. Rf1 b4
34. Nd1 Qh6 35. Qg1 b3 36. Ne3 b2 37. Nf5 Qh3 38. Nxd6 Qxf1 0-1

[Event "11. Paks GM 2007"]
[Site "Paks HUN"]
[Date "2007.08.08"]
[Round "4.4"]
[White "Nevednichy, Vladislav"]
[Black "Grunberg, Mihai-Lucian"]
[Result "1/2-1/2"]
[WhiteElo "2523"]
[BlackElo "2472"]
[PlyCount "35"]
[EventDate "2007.08.05"]
[EventType "tourn"]
[EventRounds "9"]
[EventCountry "HUN"]
[EventCategory "9"]
[Source "lmi"]
[SourceDate "2007.08.05"]

1. e4 Nf6 2. e5 Nd5 3. d4 d6 4. Nf3 dxe5 5. Nxe5 g6 6. Qf3 Be6 7. c4 Nb4 8.
Qxb7 Qxd4 9. Qxa8 Nc2+ 10. Ke2 Qxe5+ 11. Kd1 Qd4+ 12. Nd2 Nxa1 13. Qxb8+ Kd7
14. Qb5+ Kc8 15. Qe8+ Kb7 16. Qb5+ Kc8 17. Qe8+ Kb7 18. Qb5+ 1/2-1/2

[Event "11. Paks GM 2007"]
[Site "Paks HUN"]
[Date "2007.08.08"]
[Round "4.5"]
[White "Groszpeter, Attila"]
[Black "Papp, Gabor"]
[Result "1/2-1/2"]
[WhiteElo "2522"]
[BlackElo "2474"]
[PlyCount "108"]
[EventDate "2007.08.05"]
[EventType "tourn"]
[EventRounds "9"]
[EventCountry "HUN"]
[EventCategory "9"]
[Source "lmi"]
[SourceDate "2007.08.05"]

1. e4 c5 2. Nf3 e6 3. d4 cxd4 4. Nxd4 a6 5. Bd3 Bc5 6. Nb3 Be7 7. O-O d6 8. Nc3
Nf6 9. f4 Nc6 10. Qf3 Qc7 11. Bd2 h5 12. a4 Nb4 13. a5 Nxd3 14. cxd3 b5 15.
Rac1 Qb7 16. Ne2 Bd7 17. Bb4 Qa7+ 18. Nbd4 e5 19. fxe5 dxe5 20. Bxe7 Kxe7 21.
Qg3 Ng4 22. h3 h4 23. Qe1 exd4 24. Qb4+ Ke8 25. hxg4 Bxg4 26. Qd6 Rh6 27. Qe5+
Qe7 28. Qxg7 Rg6 29. Qh8+ Qf8 30. Qxf8+ Kxf8 31. Nf4 Rg5 32. Kh2 b4 33. Rc4
Rxa5 34. Rxb4 Rb5 35. Rxd4 Rxb2 36. Rd5 Rb5 37. Rd6 Kg7 38. Nd5 Rb2 39. Rf4 Be6
40. Nc7 Rh8 41. Nxe6+ fxe6 42. e5 Rh5 43. Rd7+ Kg8 44. Rd8+ Kg7 45. Rd7+ Kg8
46. Rc4 Rb8 47. Kh3 Rxe5 48. Rg4+ Kf8 49. Rxh4 Kg8 50. Rg4+ Kf8 51. Rgg7 Rd5
52. Rdf7+ Ke8 53. Re7+ Kf8 54. g3 Rxd3 1/2-1/2

[Event "11. Paks GM 2007"]
[Site "Paks HUN"]
[Date "2007.08.09"]
[Round "5.1"]
[White "Papp, Gabor"]
[Black "Pataki, Gyozo"]
[Result "1-0"]
[WhiteElo "2474"]
[BlackElo "2382"]
[PlyCount "78"]
[EventDate "2007.08.05"]
[EventType "tourn"]
[EventRounds "9"]
[EventCountry "HUN"]
[EventCategory "9"]
[Source "lmi"]
[SourceDate "2007.08.05"]

1. e4 c5 2. Nf3 Nc6 3. d4 cxd4 4. Nxd4 Nf6 5. Nc3 d6 6. Bg5 e6 7. Qd2 a6 8.
O-O-O h6 9. Nxc6 bxc6 10. Bf4 d5 11. Qe3 Qa5 12. Be2 dxe4 13. Qg3 Ra7 14. Be5
Rb7 15. Rd4 Nd7 16. Rhd1 Be7 17. Bd6 Bg5+ 18. Kb1 Bf6 19. Rc4 Nb6 20. Rxc6 Bd7
21. Rc7 Rxc7 22. Bxc7 O-O 23. Rxd7 Bxc3 24. bxc3 Qa4 25. Rd4 Qc6 26. Bxb6 Qxb6+
27. Rb4 Qc6 28. Qe3 f5 29. Rb6 Qc7 30. g3 a5 31. c4 a4 32. c5 Rd8 33. Rxe6 Qa5
34. a3 Qe1+ 35. Kb2 Kh7 36. Bh5 Qa5 37. Bg6+ Kg8 38. Re8+ Rxe8 39. Bxe8 Qb5+
1-0

[Event "11. Paks GM 2007"]
[Site "Paks HUN"]
[Date "2007.08.09"]
[Round "5.4"]
[White "Yu, Shaoteng"]
[Black "Tania, Sachdev"]
[Result "0-1"]
[WhiteElo "2524"]
[BlackElo "2393"]
[PlyCount "148"]
[EventDate "2007.08.05"]
[EventType "tourn"]
[EventRounds "9"]
[EventCountry "HUN"]
[EventCategory "9"]
[Source "lmi"]
[SourceDate "2007.08.05"]

1. e4 e5 2. Nf3 Nc6 3. Nc3 Nf6 4. g3 Bc5 5. Bg2 d6 6. d3 a6 7. O-O h6 8. Be3
Ba7 9. h3 O-O 10. Kh2 Be6 11. Bxa7 Rxa7 12. d4 exd4 13. Nxd4 Nxd4 14. Qxd4 c5
15. Qd2 b5 16. Rad1 b4 17. Ne2 Rd7 18. g4 Bc4 19. Rfe1 Bxe2 20. Rxe2 Re8 21. f4
Ree7 22. Re3 Qb6 23. Bf3 Qc7 24. Ree1 g5 25. Kg2 Nh7 26. h4 gxf4 27. Qxf4 Re6
28. Rd5 Qd8 29. Rf5 Qxh4 30. Rh1 Qe7 31. Rxh6 Rxh6 32. Qxh6 Qe6 33. Qd2 f6 34.
b3 Ng5 35. Qf4 Kg7 36. Rd5 a5 37. Kg3 Qe7 38. Bg2 Ne6 39. Qd2 Ng5 40. Qe3 Rd8
41. Qf4 Rd7 42. Kf2 Rd8 43. Ke3 Ne6 44. Qf1 Qf7 45. Qh1 Rh8 46. Rh5 Rxh5 47.
gxh5 Kh6 48. Bf3 Qg7 49. Kd3 Qg3 50. Kc4 Nd4 51. Bd1 Qg8+ 52. Kd3 Qg3+ 53. Kc4
Qg8+ 54. Kd3 Nc6 55. Qf1 Ne5+ 56. Kd2 Qg5+ 57. Ke1 Qh4+ 58. Kd2 Qg5+ 59. Ke1
Qe3+ 60. Be2 Qc1+ 61. Bd1 Ng4 62. Qf3 Qe3+ 63. Be2 Qxf3 64. Bxf3 Kxh5 65. Ke2
Kg5 66. Bg2 Kf4 67. Bh1 Kg3 68. Bf3 Ne5 69. Bh1 Nc6 70. Kd3 Nd4 71. Kc4 Kh2 72.
Kd5 Kxh1 73. Kxd6 Kg2 74. e5 f5 0-1

[Event "11. Paks GM 2007"]
[Site "Paks HUN"]
[Date "2007.08.09"]
[Round "5.5"]
[White "Szabo, Krisztian"]
[Black "Smerdon, David"]
[Result "1/2-1/2"]
[WhiteElo "2482"]
[BlackElo "2461"]
[PlyCount "119"]
[EventDate "2007.08.05"]
[EventType "tourn"]
[EventRounds "9"]
[EventCountry "HUN"]
[EventCategory "9"]
[Source "lmi"]
[SourceDate "2007.08.05"]

1. e4 d5 2. exd5 Nf6 3. Nf3 Bg4 4. c4 e6 5. dxe6 Nc6 6. Be2 fxe6 7. O-O Bc5 8.
d3 Qd6 9. Nbd2 O-O 10. Nb3 Rad8 11. Nxc5 Qxc5 12. h3 Bf5 13. Be3 Qb4 14. Qc2 e5
15. Rad1 Qe7 16. Rfe1 Rd7 17. Qc3 Rfd8 18. Bf1 Bg6 19. Bg5 e4 20. Nh4 Rd4 21.
Nxg6 hxg6 22. Be3 R4d7 23. d4 Qf7 24. Rd2 Ne7 25. d5 Nf5 26. Bg5 e3 27. fxe3
Ne4 28. Qd3 Nxg5 29. e4 Qe7 30. Rde2 Qc5+ 31. Kh2 Qd4 32. Qxd4 Nxd4 33. Rf2 Rf7
34. Rxf7 Kxf7 35. Kg3 Ke7 36. Kf4 Nf7 37. e5 Rh8 38. c5 Rf8 39. Bd3 b6 40. b4
c6 41. e6 Nd8+ 42. Ke5 N4xe6 43. dxe6 bxc5 44. bxc5 Nxe6 45. Rc1 Rf6 46. Rc4
Rf2 47. Rc2 Rxc2 48. Bxc2 Nxc5 49. Bxg6 Nd7+ 50. Ke4 Nf6+ 51. Kf5 a5 52. g4 Nd5
53. Ke5 Nc3 54. a3 a4 55. Bc2 c5 56. h4 c4 57. g5 Nb5 58. Bxa4 c3 59. h5 Nxa3
60. h6 1/2-1/2